Visualizzazione normale
Vista MARC
- Caritas Forlì-Bertinoro
di Personal Name
Records bibliografici associati: 1
001 - CONTROL NUMBER
- control field: 61420
003 - CONTROL NUMBER IDENTIFIER
- control field:
005 - DATE AND TIME OF LATEST TRANSACTION
- control field: 20250129112420.0
008 - FIXED-LENGTH DATA ELEMENTS
- fixed length control field: 250129|| aca||aabn | a|a d
040 ## - CATALOGING SOURCE
- Original cataloging agency:
- Transcribing agency:
100 ## - HEADING--PERSONAL NAME
- Personal name: Caritas Forlì-Bertinoro
670 ## - SOURCE DATA FOUND
- Source citation: Work cat.: ()206499: Caritas Forlì-Bertinoro , Rapporto povertà e risorse., 2013